000 00605nam a22002177u 4500
999 _c7120
_d7120
001 8507
003 OSt
005 20190718112737.0
007 tu
008 161220s2013 xxu|||||||||||00||0|eng|d
020 _a 978-1-898802-40-2
024 7 _a8507
_2RID
040 _cOSt
110 2 _aEuropean Bank for Reconstruction and Development (EBRD)
245 0 0 _aStuck in Transition?
_bTransition Report 2013
260 _aLondon,
_c2013.
300 _a120 S.
490 0 _aTransition Report
_v2013
_x1356-3424
856 _uhttp://www.ebrd.com/publications/transition-report-2013-english.pdf
942 _cSE